Datum a čas kvízu
24
Celkem bodů
Celkový počet nahraných bodů na tomto kvízu bez doplňovacích otázek.
12.
Pořadí na kvízu
Konečné umístění týmu na tomto kvízu.
Zaznamenané odpovědi
| # | Otázka | Odpověď | Body | Výsledky |
|---|---|---|---|---|
| 1. | Počátkem týdne jsme mohli sled... | Český les | 0 | |
| 2. | Na platformě Netflix trhá reko... | Hra na oliheň (Squid Game) | 1 | |
| 3. | Nakladatelství DC Comics, kter... | Superman | 1 | |
| 4. | Francouzský deník Le Figaro zv... | mozzarella | 1 | |
| 5. | Profesionální kariéru minulý t... | Roman Kreuziger | 1 | |
| 6. | Pokřín obecný je rostlina, kte... | mandragora | 1 | |
| 7. | Blahočet je jehličnatý strom j... | araukárie | 0 | |
| 8. | Vigna zlatá je rostlina z čele... | mungo | 1 | |
| 9. | Ledvinovník západní je tropick... | oříšky kešu | 0 | |
| 10. | Paznehtník je metr vysoká byli... | akant | 0 |